[Event "Greifswald Klar op U14 1st"]
[Site "Greifswald"]
[Date "2003.07.13"]
[Round "7"]
[White "Baehr, Markus"]
[Black "Mirke, Roy"]
[Result "0-1"]
[WhiteElo "943"]
[BlackElo "1088"]
[PlyCount "90"]
[EventDate "2003.07.10"]
[EventType "swiss"]
[EventRounds "7"]
[EventCountry "GER"]
[SourceTitle "EXT 2005"]
[Source "ChessBase"]
[SourceDate "2004.11.15"]
[SourceVersion "1"]
[SourceVersionDate "2004.11.15"]
[SourceQuality "1"]

1. e4 c5 2. Nc3 e6 3. Bc4 a6 4. Nf3 b5 5. Be2 Bb7 6. d4 cxd4 7. Nxd4 Nf6 8. Bf3 Bb4 9. Bg5 Qc7 10. 0-0 Bxc3 11. bxc3 Nxe4 12. Bxe4 Bxe4 13. Qd2 0-0 14. Rfe1 Bb7 15. Bf4 d6 16. Nb3 e5 17. Bg3 Qc6 18. f3 Nd7 19. Na5 Qb6+ 20. Kh1 Qxa5 21. Qxd6 Bc8 22. Bxe5 Nxe5 23. Qxe5 Be6 24. Reb1 Rfe8 25. Qd4 Rac8 26. Qb4 Qxb4 27. cxb4 Rxc2 28. a4 Rd8 29. axb5 axb5 30. h3 Rdd2 31. Rd1 Rxd1+ 32. Rxd1 h6 33. g4 Rf2 34. Rd8+ Kh7 35. Rb8 Bc4 36. h4 Rxf3 37. g5 Rh3+ 38. Kg2 Rxh4 39. gxh6 Rxh6 40. Kg1 f5 41. Kf2 Kg6 42. Kg3 Kg5 43. Re8 f4+ 44. Kg2 Kg4 45. Re4 Bd5 0-1

[Event "Greifswald Klar op U14 1st"]
[Site "Greifswald"]
[Date "2003.07.12"]
[Round "5"]
[White "Tsoumanis, Konstantinos"]
[Black "Baehr, Markus"]
[Result "0-1"]
[WhiteElo "664"]
[BlackElo "943"]
[PlyCount "36"]
[EventDate "2003.07.10"]
[EventType "swiss"]
[EventRounds "7"]
[EventCountry "GER"]
[SourceTitle "EXT 2005"]
[Source "ChessBase"]
[SourceDate "2004.11.15"]
[SourceVersion "1"]
[SourceVersionDate "2004.11.15"]
[SourceQuality "1"]

1. e4 e5 2. Nf3 Nc6 3. Bc4 Nf6 4. d3 Bc5 5. Nxe5 Nxe5 6. d4 Nxc4 7. dxc5 Nxe4 8. Qe2 0-0 9. Qxc4 Re8 10. 0-0 d5 11. cxd6 Qxd6 12. Re1 Qg6 13. Qd3 Bf5 14. g3 Nxf2 15. Rxe8+ Rxe8 16. Qf3 Nh3+ 17. Kf1 Qa6+ 18. c4 Qxc4+ 0-1